Swachh Bharat Abhiyan: (Record no. 167432)

MARC details
000 -LEADER
fixed length control field 00631nam a22001817a 4500
005 - DATE AND TIME OF LATEST TRANSACTION
control field 20190902155634.0
010 ## - LCCN (DPL NO)
LC control number ENG-126396
020 ## - INTERNATIONAL STANDARD BOOK NUMBER
Terms of availability 795.00
International Standard Book Number 978-93-86365-02-6
035 ## - SYSTEM CONTROL NUMBER
System control number EN-109928
037 ## - SOURCE OF ACQUISITION
Source of stock number/acquisition DBAD/PUB
082 ## - DEWEY DECIMAL CLASSIFICATION NUMBER
Classification number 363.720
100 ## - MAIN ENTRY--PERSONAL NAME
Personal name Singh,Manoj Kumar
245 ## - TITLE STATEMENT
Title Swachh Bharat Abhiyan:
Statement of responsibility, etc by Manoj Kumar Singh
Remainder of title Vision Of Narendra Modi/
260 ## - PUBLICATION, DISTRIBUTION, ETC. (IMPRINT)
Name of publisher, distributor, etc Shri Sai Printographers
Date of publication, distribution, etc 2017
Place of publication, distribution, etc New Delhi
270 ## - ADDRESS
Address 102,4787/23, Ansari Road,Darya Ganj,
City New Delhi
Postal code 110002
Telephone number 011-23246222,09312220441
Electronic mail address shrisaiprintographers@gmail.com
300 ## - PHYSICAL DESCRIPTION
Extent v200p.
Dimensions 22cm(hb)
942 ## - ADDED ENTRY ELEMENTS (KOHA)
Source of classification or shelving scheme Dewey Decimal Classification
Item type English Books
Classification part 363.720
Call number suffix SIN
Holdings
Withdrawn status Lost status Not for loan Collection code Home library Current library Date acquired Source of acquisition Cost, normal purchase price Full call number Barcode Copy number Cost, replacement price Koha item type
      Non-fiction Central Library Central Library 02/09/2019 DBAD/PUB 795.00 363.720 SIN EN-109928 1 795.00 English Books

© Delhi Public Library
Hit Counter
free hit counter